| 000 | 00821cab a2200253 4500 | ||
|---|---|---|---|
| 001 | ABS53209 | ||
| 008 | 090401t1995 xxu||||| |||| 00| 0 eng d | ||
| 035 | _a(Sirsi) u2659 | ||
| 041 | _aeng | ||
| 100 | _aPatterson, A.S. | ||
| 245 | _aLegacy of over-rentedness creates new dilemmas | ||
| 260 | _c1995 | ||
| 350 | _a0 | ||
| 490 |
_aProperty Finance & Development _v7(7) July 1995, 6-8(3) |
||
| 520 | _aShows how rack rented and over-rented property create two different markets and could be used as different investment instruments. | ||
| 650 | _aOVER-RENTED PROPERTY | ||
| 650 | _aPROPERTY INVESTMENT | ||
| 650 | _aRACK RENT | ||
| 650 | _aRACK-RENTED PROPERTY | ||
| 650 | _aYIELDS | ||
| 690 | _aPROPERTY-COMMERCIAL PROPERTY-COMMERCIAL PROPERTY FINANCE AND INVESTMENT | ||
| 942 | _n0 | ||
| 948 | _c04/03/1997 | ||
| 999 |
_c1602 _d1602 |
||